New headway english course upper - intermediate student's book

Gardado en:
Detalles Bibliográficos
Autor Principal: Soars, Liz
Outros autores: Soars, John
Formato: Libro
Idioma:English
Publicado: New York Oxford University Press 1998
Những chủ đề:
Các nhãn: Engadir etiqueta
Sen Etiquetas, Sexa o primeiro en etiquetar este rexistro!
Thư viện lưu trữ: Trung tâm Học liệu Lê Vũ Hùng, Trường Đại học Đồng Tháp
LEADER 00926pam a22002658a 4500
001 00024503
005 20171026081022.0
008 110720s1998 ||||||engsd
041 0 # |a eng 
082 1 4 |a 428  |b N200W 
100 1 # |a Soars, Liz 
245 1 0 |a New headway english course  |b upper - intermediate student's book  |c Liz & John Soars 
260 # # |a New York  |b Oxford University Press  |c 1998 
300 # # |a 159 p.  |b ill.  |c 29 cm. 
650 # 4 |a Bài tập 
650 # 4 |a Tiếng anh 
700 1 # |a Soars, John 
852 # # |b Kho giáo trình  |j KGT.0027941, KGT.0027942, KGT.0027943, KGT.0027944, KGT.0033302 
852 # # |b Kho mượn  |j KGT.0027941 
852 # # |b Kho đọc  |j KD.0008799 
852 # # |j KD.0008799  |j KGT.0027941  |j KGT.0027942  |j KGT.0027944  |j KGT.0033302  |j KGT.0027943 
910 0 # |a Ntuye  |d 20/07/2011 
980 # # |a Trung tâm Học liệu Lê Vũ Hùng, Trường Đại học Đồng Tháp